Statistics for Air Algerie-Algiers

Click here to take the quiz!

General Stats

  • This quiz has been taken 5 times
  • The average score is 44 of 68

Answer Stats

Country Airport % Correct
UKLondon ( Heathrow )
100%
MoroccoCasablanca
100%
FranceParis ( Orly )
100%
FranceMarseille
100%
FranceToulouse
100%
EgyptCairo
100%
ChinaBeijing
100%
Burkina FasoOuagadougou
100%
GermanyFrankfurt
100%
HungaryBudapest
100%
ItalyMilan ( Malpensa )
100%
ItalyRome
100%
JordanAmman
100%
FranceParis ( CDG )
100%
MaliBamako
100%
MauritaniaNouakchott
100%
LebanonBeirut
100%
SpainBarcelona
100%
PortugalLisbon
100%
RussiaMoscow ( Sheremetyevo )
100%
Saudi ArabiaJeddah
100%
UAEDubai
100%
SenegalDakar
100%
TurkeyIstanbul
100%
TunisiaTunis
100%
NigerNiamey
100%
SpainMadrid
100%
SwitzerlandBasel
80%
FranceMontpellier
80%
FranceLyon
80%
AlgeriaOran
80%
CanadaMontreal
80%
BelgiumBrussels
80%
Saudi ArabiaMedina
80%
Ivory CoastAbidjan
80%
FranceNice
80%
SpainPalma de Mallorca
60%
FranceBordeaux
60%
AustriaVienna
60%
SpainAlicante
60%
FranceLille
40%
AlgeriaBiskra
40%
BelgiumCharleroi
40%
AlgeriaConstantine
40%
AlgeriaSetif
40%
AlgeriaOuargla
40%
AlgeriaLaghouat
40%
AlgeriaAnnaba
40%
FranceMetz-Nancy
20%
AlgeriaGhardaia
20%
AlgeriaBatna
20%
AlgeriaBechar
20%
AlgeriaBejaia
20%
AlgeriaDjanet
20%
AlgeriaEl Golea
20%
AlgeriaEl Oued
20%
AlgeriaJijel
20%
AlgeriaHassi Messaoud
20%
AlgeriaIllizi
20%
AlgeriaIn Salah
20%
AlgeriaTamanrasset
20%
AlgeriaTebessa
20%
AlgeriaTindouf
20%
AlgeriaTimimoun
20%
AlgeriaTlemcen
20%
AlgeriaTouggourt
20%
AlgeriaAdrar
20%
AlgeriaZarzaitine
0%

Score Distribution

Percentile by Number Answered

Percent of People with Each Score

Your Score History

You have not taken this quiz